| 000 | 01156cam a2200349 i 4500 | ||
|---|---|---|---|
| 001 | 6105 | ||
| 003 | FISKH | ||
| 005 | 20250314104001.0 | ||
| 008 | 770222s1978 nyua j 000 0 eng | ||
| 010 | _a 77002845 | ||
| 020 | _a0690013345 | ||
| 040 |
_aDLC _cDLC _dDLC _beng |
||
| 050 | _aPS3557.R39416 H66 | ||
| 082 | _a811.54 | ||
| 100 | 1 | _aGreenfield, Eloise. | |
| 245 | 1 | 0 |
_aHoney, I love, and other love poems / _cby Eloise Greenfield ; pictures by Diane and Leo Dillon. |
| 260 |
_aNew York : _bHarper Collins, _c1978. |
||
| 300 |
_a48 pages : _billustrations ; _c18 cm |
||
| 505 | _aK | ||
| 520 | _aTitles include "I Look Pretty," "Fun," "Riding on the Train," "Harriet Tubman," and "By Myself." | ||
| 521 | 8 |
_a510
_bLexile estimate |
|
| 521 | 8 |
_aK
_bRaz-Plus |
|
| 650 | 0 |
_aAfrican Americans _vJuvenile poetry. |
|
| 650 | 0 | _aChildren's poetry, American. | |
| 650 | 0 | _aLove poetry, American. | |
| 650 | 1 |
_aAmerican poetry _xAfrican American authors. |
|
| 700 |
_aDiane _eillustrator |
||
| 700 |
_aDillon, Leo _eillustrator |
||
| 906 |
_a7 _bcbc _corignew _d1 _eocip _f19 _gy-gencatlg |
||
| 942 |
_2ddc _cBK _n0 |
||
| 999 |
_c6105 _d6105 |
||